Bez externých dodávateľov služieb? Neefektívne!

Preferencia externých dodávateľov pred internými zamestnancami. Kvalitní zamestnanci a dodávatelia. Najdôležitejšie atribúty outsourcingu, kvalita, spoľahlivosť zodpovednosť, flexibilita, dôvera a dodržiavanie deadlinu.

Guardado en:
Detalles Bibliográficos
Autor principal: Sveráková, Patrícia
Formato: Capítulo de libro
Lenguaje:eslovaco
Materias:
Etiquetas: Agregar Etiqueta
Sin Etiquetas, Sea el primero en etiquetar este registro!

MARC

LEADER 00000naa a2200000 4500
001 0183692
005 20220725110616.3
041 0 |a slo 
044 |a SK 
245 1 0 |a Bez externých dodávateľov služieb? Neefektívne!  |c Patrícia Sveráková 
520 |a Preferencia externých dodávateľov pred internými zamestnancami. Kvalitní zamestnanci a dodávatelia. Najdôležitejšie atribúty outsourcingu, kvalita, spoľahlivosť zodpovednosť, flexibilita, dôvera a dodržiavanie deadlinu. 
610 2 0 |a outsourcing 
610 2 0 |a služby 
610 2 0 |a dodávatelia 
610 2 0 |a metódy riadenia 
610 2 0 |a metódy organizácie 
610 2 0 |a strediská zodpovednostné 
100 1 |a Sveráková, Patrícia